Statistics for Random Facts #4

Click here to take the quiz!

General Stats

  • This quiz has been taken 64 times
  • The average score is 9 of 16

Answer Stats

HintAnswer% Correct
How many legs does a spider have8
95%
What type of fish is NemoClownfish
90%
What element is AuGold
90%
Number one selling ketchup brandHeinz
88%
What contry was covid 19 dicovered inChina
83%
What is the name of Batman's partner in fightingRobin
81%
What is the name of the toy cowboy in Toy StoryWoody
80%
When did the Berlin Wall fall down1989
61%
What does .net in URL's stand fornetwork
59%
How many countries are in Africa according to the United Nation54
36%
Winner of the 2022 LVI super bowlLos Angeles Rams
36%
What is the highest earning broadway show of all timeLion King
22%
Who was on the Thunder from 2008-2019, on the Rockets from 2019-2020, on the wizards from 2020-2021, on the Lakers from 2021- and still presentRussell Westbrook
22%
What is the largest desert in the worldSahara Desert
8%
What organisms are on the very top of the food chainapex consumers
2%
What is the number one sold candyReese's Cups
2%

Score Distribution

Percentile by Number Answered

Percent of People with Each Score

Your Score History

You have not taken this quiz